Métodos de investigación científica (Registro nro. 10796)

000 -CABECERA
Campo de control de longitud fija 01728nam a22003257a 4500
003 - IDENTIFICADOR DEL NÚMERO DE CONTROL
Campo de control OSt
005 - FECHA Y HORA DE LA ÚLTIMA TRANSACCIÓN
Campo de control 20260327150719.0
008 - CÓDIGOS DE INFORMACIÓN DE LONGITUD FIJA
Campo de control de longitud fija 260327t2023 xxu||||| |||| 00| 0 spa d
020 ## - NÚMERO INTERNACIONAL NORMALIZADO PARA LIBROS (ISBN)
Número Internacional Normalizado para Libros (ISBN) 9786125069849
040 ## - FUENTE DE LA CATALOGACIÓN
Centro catalogador de origen Unicoc
Lengua de catalogación spa
Centro que cataloga Bogotá (Dr. David Ordóñez Rueda) - Campus Norte
Centro modificador Bogotá (Dr. David Ordóñez Rueda) - Campus Norte
082 ## - NÚMERO DE LA CLASIFICACIÓN DECIMAL DEWEY
Número de clasificación 001.42
100 ## - PUNTO DE ACCESO PRINCIPAL - NOMBRE DE PERSONA
9 (RLIN) 12820
Nombre de persona Vásquez Ramírez , Abbon Alex
245 ## - MENCIÓN DE TÍTULO
Título Métodos de investigación científica
Mención de responsabilidad etc. / Abbon Alex Vásquez Ramírez
250 ## - MENCIÓN DE EDICIÓN
Mención de edición 1 Ed.
260 ## - PUBLICATION, DISTRIBUTION, ETC. (IMPRINT)
Lugar de publicación distribución etc. Perú :
Nombre del editor distribuidor etc. Instituto Universitario de Innovación Ciencia y Tecnología Inudi ,
Fecha de publicación distribución etc. 2023.
300 ## - DESCRIPCIÓN FÍSICA
Extensión 118 páginas
500 ## - NOTA GENERAL
Nota general Incluye Bibliografía y conclusiones
505 ## - NOTA DE CONTENIDO CON FORMATO
Título Capítulo I. Investigación científica: definición, importancia y ciencia para la sociedad. --
-- Capítulo II. Fundamentos de investigación. -- Tipos de investigación. -- Propósitos de la investigación. --
-- Capítulo III. Procesamiento de la investigación. --
-- Capítulo IV. Métodos de investigación cualitativa. --
-- Capítulo V. Métodos de investigación cuantitativa. --
-- Capítulo VI. Métodos de investigación mixta. --
-- Capítulo VII. Técnicas de recolección de datos.
526 ## - NOTA DE INFORMACIÓN SOBRE EL PROGRAMA DE ESTUDIO
Institución que aplica el campo Unicoc
546 ## - NOTA DE LENGUA
Nota de lengua Español
650 #0 - PUNTO DE ACCESO ADICIONAL DE MATERIA - TÉRMINO DE MATERIA
9 (RLIN) 7108
Término de materia o nombre geográfico como elemento inicial Metodología de la investigación
650 #0 - PUNTO DE ACCESO ADICIONAL DE MATERIA - TÉRMINO DE MATERIA
9 (RLIN) 4249
Término de materia o nombre geográfico como elemento inicial Investigación científica
650 #0 - PUNTO DE ACCESO ADICIONAL DE MATERIA - TÉRMINO DE MATERIA
9 (RLIN) 6468
Término de materia o nombre geográfico como elemento inicial Elaboración de proyectos
700 ## - PUNTO DE ACCESO ADICIONAL - NOMBRE DE PERSONA
9 (RLIN) 12820
Nombre de persona Vásquez Ramírez , Abbon Alex
700 ## - PUNTO DE ACCESO ADICIONAL - NOMBRE DE PERSONA
9 (RLIN) 12822
Nombre de persona Cahuana Tapi, Rogelio Domingo
700 ## - PUNTO DE ACCESO ADICIONAL - NOMBRE DE PERSONA
9 (RLIN) 12823
Nombre de persona Vera Teves, Rosa Marina
700 ## - PUNTO DE ACCESO ADICIONAL - NOMBRE DE PERSONA
9 (RLIN) 12824
Nombre de persona Holgado Tisoc, Julio
856 ## - LOCALIZACIÓN Y ACCESO ELECTRÓNICOS
Texto del enlace Acceso online exclusivo para comunidad Unicoc.
Identificador Uniforme del Recurso (URI) https://unicoceduco-my.sharepoint.com/:b:/g/personal/direccionbiblioteca_unicoc_edu_co/IQB-9S8fYN9ZSoDkwf4eoRODASB-g17P9LG9q4Ix_JY0RLY
942 ## - ENTRADA PARA ELEMENTOS AGREGADOS (KOHA)
Fuente de clasificación o esquema de ordenación en estanterías
Koha [por defecto] tipo de item Libro electrónico
Existencias
Tipo de item de Koha Estado de pérdida Precio No para préstamo Localización permanente Fuente de adquisición Fecha última consulta Código de barras Código de colección Fecha del precio de reemplazo Fuente de clasificación o esquema de ordenación en estanterías Signatura completa Localización actual Fecha de adquisición Estropeado
Libro electrónico 200000.00 Bogotá (Dr. David Ordóñez Rueda) - Campus NorteCompra2026-03-27Ebook10796Coleccion Online2026-03-27 001.42Bogotá (Dr. David Ordóñez Rueda) - Campus Norte2026-03-27 

© 2014 UNICOC | Institución Universitaria Colegios de Colombia - UNICOC
Bogotá D.C. Autopista Norte Km. 20. Teléfono:(571)6683535
Cali: Calle 13 Norte No. 3N-13. Teléfono: (572)6608887

Con tecnología de Koha